000 00813cam a22002411 4500
001 he 67002524
003 DLC
005 20260227111452.0
008 840306s1846 gw 000 0 heb
010 _ahe 67002524
035 _a(OCoLC)19167591
040 _aDLC
_cMH
_dOCoLC
_dCLU
_dDLC
042 _apremarc
050 0 0 _aBM522.57
_b.A8 1846
100 0 _aJudah ben Asher,
_d1270-1349.
245 1 0 _aZikhron Yehudah :
_b...Sheʼelot u-teshuvot... /
_cyatsʼu le-ʼor ha-defus be-hishtadluti...Yehudah ben Akeksander Zisḳind Rozenberg ; [haḳdamat ha-magiah Daṿid Ḳassel]
260 _aBerlin :
_bBi-defus D. Frindlender,
_c606 [1846]
300 _a61 leaves ;
_c22 cm.
650 0 _aResponsa
_y1040-1600.
700 1 _aRosenberg, Juda,
_eed.
700 1 _aCassel, David.
752 _aGermany
_dBerlin
999 _c32813
_d32813